Zurba - ein bisher unbeachteter Name für das frühe westliche Sorbenland
| Titel: | Zurba - ein bisher unbeachteter Name für das frühe westliche Sorbenland / Karlheinz Hengst |
|---|---|
| Verfasser: | |
| In: |
Sorbisches Institut: Lětopis, Band 63, Heft 2 (2016), Seite 21-31 alle Artikel anzeigen |
| Veröffentlicht: | 2016 |
| Format: | Aufsatz |
| Sprache: | Deutsch |
X
alg: 49158182 001A $03025:08-03-22 001B $01999:08-03-22 $t22:38:26.000 001D $03025:08-03-22 001U $0utf8 001X $00 002@ $0Aou 002C $aText $btxt $2rdacontent 002D $aohne Hilfsmittel zu benutzen $bn $2rdamedia 002E $aBand $bnc $2rdacarrier 003@ $0491581823 007A $0491581823 $aHEB 010@ $ager 010E $erda 011@ $a2016 021A $aZurba - ein bisher unbeachteter Name für das frühe westliche Sorbenland $hKarlheinz Hengst 028A $BVerfasser $#Hengst, Karl-Heinz $#Hengst, K.-H. $#Hengst, K. H. $#Hengst, K.H. $#Hengst, K. $4aut $710580083X $8Hengst, Karlheinz$Z1934- [Tp1] $9140828079 031A $d63 $e2 $h21-31 $j2016 039B $aEnthalten in $8--Abvc--Sorbisches Institut [Tb1]. Lětopis. - Bautzen : Domowina-Verl., 1992-. - ISSN 0943-2787 $x201600000630002979 $9048608750 044K $RGeografischer Name $#Toponymy $#Toponymie $#Historischer Ortsname $#Siedlungsname $#Toponym $#Toponymikon $#Ortsnamen $74043950-1 $8Ortsname [Ts1] $9085122882 044K $RSorbin $RElb- und Ostseeslawen $#Sorbs $#Sorabes $#Sorbe $#Wenden $#Serbja obersorbisch $#Serby niedersorbisch $74055619-0 $8Sorben [Ts1] $9085154792 045F $a417.70943151 $eDDC23BSB 045F/01 $a417.7 045F/03 $g43151 045T $a10 $a8,1 $a9,10 046L $aEnglische Zusammenfassung, Seite 153 lok: 49158182 78 exp: 49158182 78 1 #EPN 201B/01 $008-03-22 $t13:07:24.000 201C/01 $008-03-22 201U/01 $0utf8 203@/01 $01185207554 208@/01 $a08-03-22 $be 209A/01 $a/ $f000 $x00 209A/01 $ab*p $x01 220C/01 $apgar 244Z/01 $#Germania Slavica $#"Germania Slavica" $#Germania Slavica $#Germania Slavica $#Germania Slavica $#Germania Slavica $#Germania Slavica $8--Trx--Germania Slavica $x01 $9391371002 247C/01 $82080>Marburg/Lahn, Herder-Institut, Forschungsbibliothek, Bibliographieportal $9336309341
| LEADER | 00000caa a2200000 c 4500 | ||
|---|---|---|---|
| 001 | 491581823 | ||
| 003 | DE-603 | ||
| 005 | 20220308223826.0 | ||
| 007 | tu | ||
| 008 | 220308s2016 xx |||| | u00||u|ger c | ||
| 035 | |a (DE-599)HEB491581823 | ||
| 040 | |a DE-603 |b ger |c DE-603 |d DE-603 |e rda | ||
| 041 | |a ger | ||
| 082 | 0 | 4 | |8 1\u |a 417.70943151 |q DE-101 |2 23/BSB |
| 084 | |a 10 |a 8,1 |a 9,10 |2 ssgn | ||
| 085 | |8 1\u |b 417.7 | ||
| 085 | |8 1\u |z 2 |s 43151 | ||
| 100 | 1 | |a Hengst, Karlheinz |d 1934- |e Verfasser |4 aut |0 (DE-603)140828079 |0 (DE-588)10580083X |2 gnd | |
| 245 | 0 | 0 | |a Zurba - ein bisher unbeachteter Name für das frühe westliche Sorbenland |c Karlheinz Hengst |
| 264 | 0 | |c 2016 | |
| 336 | |a Text |b txt |2 rdacontent | ||
| 337 | |a ohne Hilfsmittel zu benutzen |b n |2 rdamedia | ||
| 338 | |a Band |b nc |2 rdacarrier | ||
| 546 | |a Englische Zusammenfassung, Seite 153 | ||
| 650 | 7 | |a Ortsname |0 (DE-588)4043950-1 |0 (DE-603)085122882 |2 gnd | |
| 650 | 7 | |a Sorben |0 (DE-588)4055619-0 |0 (DE-603)085154792 |2 gnd | |
| 773 | 0 | 8 | |i Enthalten in |a Sorbisches Institut |t Lětopis |d Bautzen : Domowina-Verl., 1992- |h 24 cm |x 0943-2787 |g Band 63, Heft 2 (2016), Seite 21-31 |w (DE-603)048608750 |w (DE-600)1116990-4 |
| 924 | 0 | |9 2080 |a (DE-603)1185207554 |b DE-2080 |c HES |d d |g / | |


